| 000 | 01052nam a22002297a 4500 | ||
|---|---|---|---|
| 999 |
_c21698 _d21698 |
||
| 003 | AR-CdUCM | ||
| 008 | 190425b ||||| |||| 00| 0 spa d | ||
| 040 |
_aMUNICIPALIDAD PROVINCIAL DEL CUSCO _cBIBLIOTECA MUNICIPAL DEL CUSCO |
||
| 082 |
_aRev.Univ/N°23/1918 _bRev.Univ/N°23/1918 |
||
| 110 |
_aUniversidad Nacional de San Antonio Abad del Cusco _915942 |
||
| 245 |
_aRevista Universitaria : _bÓrgano de la Universidad del Cuzco / |
||
| 260 |
_aCusco : _bEl Trabajo, _cmarzo 1918. |
||
| 300 |
_a51 páginas. : _c20 cm. |
||
| 440 |
_aRevista Universitaria _nAño VII, marzo 1918, N°23 _945805 |
||
| 505 | _aContenido: Las Universidades menores. Cesar Antonio Ugarte. -- Formas del arrendamiento de terrenos de cultivo en el departamento del Cuzco i el problema de la distribución. Francisco Ponce de León. -- Crónica universitaria. | ||
| 650 |
_aUniversidades _92151 |
||
| 650 |
_aArrendamientos _98357 |
||
| 650 |
_aSiglo XX _945802 |
||
| 710 |
_aUniversidad Nacional de San Antonio Abad del Cusco _915942 |
||
| 942 |
_2ddc _cPP |
||
| 945 | _arac | ||